Statistics for Finnair fleet

Click here to take the quiz!

General Stats

  • This quiz has been taken 74 times
  • The average score is 6 of 7

Answer Stats

% Correct
Airbus A320
100%
Airbus A350
100%
Airbus A321
98%
Airbus A330
98%
Airbus A319
95%
ATR-72
65%
Embraer ERJ-190
13%

Score Distribution

Percentile by Number Answered

Percent of People with Each Score

Your Score History

You have not taken this quiz